Catálogo
 En Linea

El hombre que hacia monitos, y otras estampas bogotanas. / (Registro nro. 18086)

Detalles MARC
000 -CABECERA
campo de control de longitud fija 00586cam a22001691 4500
001 - NÚMERO DE CONTROL
campo de control 000018566
005 - FECHA Y HORA DE LA ÚLTIMA TRANSACCIÓN
campo de control 20200929165826.0
008 - DATOS DE LONGITUD FIJA--INFORMACIÓN GENERAL
campo de control de longitud fija 740422s1973 ck 000 0 spa
040 ## - FUENTE DE LA CATALOGACIÓN
Centro catalogador/agencia de origen DO-SdBNP
Lengua de catalogación spa
Centro/agencia transcriptor BNPHU
082 ## - NÚMERO DE LA CLASIFICACIÓN DECIMAL DEWEY
Número de clasificación xx
Número de documento/Ítem xx
100 2# - ENTRADA PRINCIPAL--NOMBRE DE PERSONA
Nombre de persona Moreno Clavijo, Jorge
9 (RLIN) 40152
245 13 - MENCIÓN DE TÍTULO
Título El hombre que hacia monitos, y otras estampas bogotanas. /
Mención de responsabilidad, etc. Jorge Moreno Clavijo.
260 ## - PUBLICACIÓN, DISTRIBUCIÓN, ETC.
Lugar de publicación, distribución, etc. Bogotá :
Nombre del editor, distribuidor, etc. Instituto Colombiano,
Fecha de publicación, distribución, etc. 1973.
300 ## - DESCRIPCIÓN FÍSICA
Extensión 109 p. ;
Dimensiones 17 cm.
490 1# - MENCIÓN DE SERIE
Mención de serie Biblioteca Colombiana de Cultura. Pupular
Designación de volumen o secuencia 115
830 #0 - PUNTO DE ACCESO ADICIONAL DE SERIE-TÍTULO UNIFORME
Título uniforme Biblioteca Colombiana de Cultura.
Nombre de parte o sección de la obra Pupular,
Designación de volumen o secuencia 115
9 (RLIN) 40153
Existencias
Estado de retiro Estado de pérdida Restricciones de uso No para préstamo Código de colección Localización permanente Ubicación/localización actual Ubicación en estantería Fecha de adquisición Número de inventario Total de préstamos Signatura topográfica completa Código de barras Fecha visto por última vez Precio válido a partir de Tipo de ítem Koha
      Excluido de préstamo Monografías: Libros y Folletos General General En catalogación 11.05.2010 LF1   xx xx 18566-10 25.06.2020 25.06.2020 No se presta

Con tecnología Koha